Actividad integradora 3, 4 y 5 : (Record no. 514)

MARC details
000 -CABECERA
campo de control de longitud fija 00827nam a2200217 a 4500
005 - FECHA Y HORA DE LA ÚLTIMA TRANSACCIÓN
campo de control 20230616063538.0
008 - ELEMENTOS DE LONGITUD FIJA--INFORMACIÓN GENERAL
campo de control de longitud fija 991125s1989 zam 000 0 spa u
035 ## - NÚMERO DE CONTROL DEL SISTEMA
Número de control de sistema UPN01000000514
049 ## - COLECCIÓN
Colección CG
050 #4 - SIGNATURA TOPOGRÁFICA DE LA BIBLIOTECA DEL CONGRESO
Número de clasificación LC5309 U6
Número de documento/Ítem L186
100 1# - ASIENTO PRINCIPAL--NOMBRE PERSONAL
Nombre de persona Herrera Alvarez, Rafael
245 10 - MENCIÓN DE TÍTULO
Título Actividad integradora 3, 4 y 5 :
Resto del título proyecto /
Mención de responsabilidad, etc. Rafael Herrera Alvarez, Irma Marcela Puente Pérez.
260 ## - PUBLICACIÓN, DISTRIBUCIÓN, ETC.
Lugar de publicación, distribución, etc. Zamora, Mich. :
Nombre del editor, distribuidor, etc. R. Herrera Alvarez,
Fecha de publicación, distribución, etc. 1989.
300 ## - DESCRIPCIÓN FÍSICA
Extensión 76 h. (varias paginaciones)
500 ## - NOTA GENERAL
Nota general "Licenciatura en Educación Básica, seminario"
500 ## - NOTA GENERAL
Nota general "Sistema de Educación a Distancia. Unidad 162"
650 #4 - ASIENTO SECUNDARIO DE MATERIA - TERMINO TEMATICO
Término de materia o nombre geográfico como elemento de entrada Deserción escolar
9 (RLIN) 6083
700 2# - ASIENTO SECUNDARIO--NOMBRE DE PERSONAL
Nombre de persona Puente Pérez, Marcela,
Término indicativo de función/relación coaut.
710 2# - ASIENTO SECUNDARIO - NOMBRE CORPORATIVO
Nombre de entidad corporativa o nombre de jurisdicción como elemento de entrada Universidad Pedagógica Nacional (México).
Unidad subordinada Sistema de Educación a Distancia.
-- Unidad 162
9 (RLIN) 28247
905 ## - TIPO DE MATERIAL
Tipo de material Libro
Holdings
Estado de retiro Estado de pérdida Fuente del sistema de clasificación o colocación Estado dañado No para préstamo Código de colección Localización permanente Ubicación/localización actual Ubicación en estantería Total de préstamos Clasificación Código de barras Fecha visto por última vez Número de copia Tipo de ítem Koha
    Library of Congress Classification     Colección General Bib. Gregorio Torres Quintero Bib. Gregorio Torres Quintero Planta baja   LC5309 U6 L186 72900 31/12/2020 1 Libro